000
00301nam a22001337a 4500
008
181010b xxu||||| |||| 00| 0 eng d
020
_a
9780697364395
041
_a
eng
080
_2
7th
_a
159.9
100
_a
48
101
_a
PSI
245
_a
Life-Span Development
_c
Santrock,J.W
942
_2
udc
_c
BK
999
_c
49286
_d
49286